A devil from Muscovy /

Saved in:
Bibliographic Details
Main Author: Cameron, Margaret
Format: Book
Language:English
Published: London : Hurst & Blackett, 1964.
LEADER 00688nam a22001937a 4500
001 c000104729
003 CARM
005 00000000000000.0
008 981218s1964 enk 00001 eng d
019 1 |a 14302149  |5 LACONCORD2021 
035 |a (OCoLC)30278548  |5 LACONCORD2021 
040 |a VLINC  |c VLINC 
100 1 |a Cameron, Margaret. 
245 1 2 |a A devil from Muscovy /  |c Margaret Cameron. 
260 |a London :  |b Hurst & Blackett,  |c 1964. 
300 |a 183 p. 
852 8 |b CARM  |h A2:AI14G0  |i A02080  |p 0150675  |f BK 
999 f f |i 87619001-8d11-5b11-a563-431795e6d4a3  |s acbef9f1-5eb7-5e9f-8da3-764d547f468f 
952 f f |p Can circulate  |a CAVAL  |b CAVAL  |c CAVAL  |d CARM 1 Store  |e A02080  |f A2:AI14G0  |h Other scheme  |i book  |m 0150675